000 00929nam a22003017a 4500
003 CHAP
005 20220329134346.0
008 971013s1975 r 00010 d
010 _a19294
011 _a20266
035 _a24354
040 _cCHAP
082 _a519.5
_bD5Y
245 _aDiccionario de estadística
260 _aMéxico, D.F. :
_bCECSA,
_c1975
300 _a208 p.
590 _aBATCH-UPD
_b10
_c20130110
_lUCH01
_h2246
590 _aBATCH-UPD
_b10
_c20130410
_lUCH01
_h1539
590 _aBATCH-UPD
_b10
_c20130914
_lUCH01
_h1323
590 _aCONVERSION
_b10
_c20130109
_lUCH01
_h1312
650 1 4 _aEstadística
_xDiccionarios.
_938246
700 0 _aMorice, E.
_978818
901 _aBK
942 _cLIBRO
949 _a519.5 D5Y
_bBC
_cC
_d-56146
_eC
_fc.2
_h44986
_i24354
_si
949 _a519.5 D5Y
_bBC
_cC
_d33724000492583
_eC
_h44985
_i24354
_si
949 _a519.5 D5Y
_bBC
_cC
_d33724000745592
_eC
_fc.3
_h46305
_i24354
_sb
999 _c19294
_d19294